| 000 | 00457nab a22001097u 4500 | ||
|---|---|---|---|
| 008 | 130520b2005 xxu||||| |||| 00| 0 spa d | ||
| 041 | _aspa | ||
| 100 | 1 |
_aMolina Puche, Sebastián _974120 |
|
| 245 | 0 | 0 |
_aEl gobierno de un territorio de frontera. Corregimiento y corregidores de Chinchilla, villena y las nueve villas: 1586-1690 _cSebastián Molina Puche |
| 773 | 0 |
_tInvestigaciones Históricas _gV.25, nº25,2005,págs. 55-84 _x0210-9425 _wRev239 |
|
| 942 | _cAR | ||
| 999 |
_c373528 _d373528 |
||